| 000 | 01309cam a2200229 4500 | ||
|---|---|---|---|
| 001 | ABS64584 | ||
| 008 | 010927n2001 000 0 eng u | ||
| 035 | _a(Sirsi) u114871 | ||
| 100 | _aWiltshire, R. | ||
| 245 | _aSustaining the plot | ||
| 260 | _c2001 | ||
| 490 |
_aTown & Country Planning _v70(9) September 2001, 235(1) |
||
| 520 | _aConsiders the status, preservation of, and law relating to, allotments. Looks at how far the recommendations made in the 1998 House of Commons Select Committee's Inquiry into 'The Future of Allotments' have been implemented. For instance, notes that the Inquiry's call for the encouragement of good practice has recently been answered by the Local Government Association, the Greater London Authority and the Shell Better Britain Campaign, in sponsoring "Growing in the Community". This is a practical manual for managers seeking better things for and through allotments. Suggests it may be time to re-define allotments - their sizes, forms, facilities, and functions - within the limits that statutes allow, to sustain the plot. | ||
| 590 | _aABS | ||
| 650 | _aALLOTMENTS | ||
| 650 | _aLAW | ||
| 650 | _aMANAGEMENT | ||
| 650 | _aPROMOTION | ||
| 690 | _aENVIRONMENTAL AND LAND CONSULTANCY-PLANNING AND DEVELOPMENT | ||
| 700 | _aCrouch, D. | ||
| 942 | _n0 | ||
| 999 |
_c68401 _d68401 |
||